00000000nam 2200000zi 4500
0019.947147
003CaOODSP
00520250121091805
006m     o  d f      
007cr bn|||||||||
008250120m19962003oncabd  obfu f000 0 fre d
020 |z0660951355
040 |aCaOODSP|bfre|erda|cCaOODSP
043 |an-cn---
0861 |aNR36-1/1995-4F-PDF
0861 |aNR36-1/1995-4-1F-PDF
24500|aGuide de l'utilisateur - CNB 1995 : |bCommentaires sur le calcul des structures (partie 4) / |cpublié par la Commission canadienne des codes du bâtiment et de prévention des incendies.
24613|aGuide de l'utilisateur - Code national du bâtiment - Canada, 1995 : |bCommentaires sur le calcul des structures (partie 4)
24613|aGuide de l'utilisateur - CNB 1995 : |bCommentaires sur le calcul des structures (partie 4) : premières modifications
250 |aPremière édition, deuxième impression comprend les errata et les modifications de juillet 2003.
264 1|aOttawa : |bConseil national de recherches du Canada, |c1996-2003.
264 4|c©1996
300 |a1 ressource en ligne (vi, 151 pages) : |billustrations, cartes, graphiques + |e1 modification (pagination multiple)
336 |atexte|btxt|2rdacontent/fre
337 |ainformatique|bc|2rdamedia/fre
338 |aressource en ligne|bcr|2rdacarrier/fre
500 |aTitre de la couverture.
500 |aL'ISBN (0660951355) de l'édition imprimée a été copié dans l'édition électronique.
500 |aPublié aussi en anglais sous le titre : User's Guide - NBC 1995 : Structural commentaries (Part 4).
504 |aComprend des références bibliographiques.
520 |a« Les présents commentaires ont pour but de mettre à la disposition du concepteur des données de calcul détaillées pour lui faciliter l'utilisation du CNB. Ils sont proposés comme données de base et, dans certains cas, comme méthode facultative de calcul, mais ne constituent nullement des exigences impératives » -- Introduction, page v.
650 6|aConstruction|xDroit|zCanada|vCodes.
650 6|aConstructions|xNormes|zCanada.
650 6|aConstructions|xCalcul|vGuides, manuels, etc.
655 7|aGuides et manuels|2rvmgf
7102 |aCommission canadienne des codes du bâtiment et de prévention des incendies, |eorganisme de publication.
77508|tUser's Guide - NBC 1995 : |w(CaOODSP)9.947143
85640|qPDF|s2.96 Mo|uhttps://publications.gc.ca/collections/collection_2025/cnrc-nrc/NR36-1-1995-4-fra.pdf|zGuide de l'utilisateur
85640|qPDF|s930 Ko|uhttps://publications.gc.ca/collections/collection_2025/cnrc-nrc/NR36-1-1995-4-1-fra.pdf|zModifications (juillet 2003)
986 |a38826F